[Event "Titled Tuesday intern op 26th Jul Early"]
[Site "Chess.com INT"]
[Date "2022.07.26"]
[Round "10"]
[White "Rodchenkov, Sergey D"]
[Black "Shtyka, Sergey"]
[Result "0-1"]
[WhiteElo "2346"]
[BlackElo "2154"]
[PlyCount "74"]
[EventDate "2022.07.26"]
[EventType "swiss (blitz)"]
[EventRounds "11"]
[EventCountry "USA"]
[SourceTitle "EXT 2023"]
[Source "ChessBase"]
[SourceDate "2022.10.05"]
[SourceVersion "1"]
[SourceVersionDate "2022.10.05"]
[SourceQuality "1"]

1. e4 c5 2. Nf3 d6 3. d4 cxd4 4. Nxd4 Nf6 5. Nc3 g6 6. Be3 Bg7 7. f3 0-0 8. Qd2 Nc6 9. 0-0-0 d5 10. exd5 Nxd5 11. Nxc6 bxc6 12. Bd4 e5 13. Bc5 Be6 14. Ne4 Re8 15. h4 h6 16. h5 g5 17. g4 Qc7 18. Bc4 Rad8 19. Qf2 a5 20. a4 Nf4 21. Bxe6 Nxe6 22. Bb6 Rxd1+ 23. Rxd1 Qb8 24. Bxa5 Qa8 25. Qe1 Nd4 26. b3 Nxf3 27. Qf2 Nd4 28. Rf1 f5 29. gxf5 Qxa5 30. f6 Rf8 31. f7+ Kh8 32. Nxg5 Qc3 33. Ne4 Nxb3+ 34. Kd1 Rd8+ 35. Ke2 Nd4+ 36. Kd1 Nxc2+ 37. Ke2 Qd3# 0-1

[Event "Titled Tuesday intern op 26th Jul Early"]
[Site "Chess.com INT"]
[Date "2022.07.26"]
[Round "1"]
[White "Shtyka, Sergey"]
[Black "Melkumyan, Hrant"]
[Result "0-1"]
[WhiteElo "2154"]
[BlackElo "2634"]
[PlyCount "108"]
[EventDate "2022.07.26"]
[EventType "swiss (blitz)"]
[EventRounds "11"]
[EventCountry "USA"]
[SourceTitle "EXT 2023"]
[Source "ChessBase"]
[SourceDate "2022.10.05"]
[SourceVersion "1"]
[SourceVersionDate "2022.10.05"]
[SourceQuality "1"]

1. e4 e6 2. Nf3 d5 3. Nc3 dxe4 4. Nxe4 Bd7 5. d4 Bc6 6. Bd3 Nd7 7. 0-0 Ngf6 8. Nxf6+ Nxf6 9. c3 Bd6 10. Bg5 h6 11. Bh4 0-0 12. Bg3 a5 13. Be5 a4 14. Re1 Ra5 15. Bxd6 cxd6 16. Qe2 Qb6 17. Rad1 Bxf3 18. Qxf3 Qxb2 19. Rb1 Qxa2 20. Rxb7 Qd5 21. Qxd5 Nxd5 22. c4 Nf4 23. Bf1 a3 24. Ra1 e5 25. c5 dxc5 26. dxe5 Ng6 27. e6 fxe6 28. Bc4 Nf4 29. Re7 Ra4 30. Bxe6+ Nxe6 31. Rxe6 Rb8 32. Kf1 a2 33. Re2 Rb1+ 34. Re1 Rxa1 35. Rxa1 Kf7 36. Ke2 Ke6 37. Kd3 Kd5 38. f3 c4+ 39. Kc3 Kc5 40. f4 Ra3+ 41. Kb2 Kb4 42. g4 Rf3 43. Rxa2 Rxf4 44. Ra8 Rf2+ 45. Kc1 Rxh2 46. Rg8 g5 47. Rb8+ Kc3 48. Kb1 Rh1+ 49. Ka2 Rh4 50. Rb6 Kc2 51. Rb4 c3 52. Rd4 h5 53. Rd5 Rxg4 54. Ra5 h4 0-1

[Event "Titled Tuesday intern op 26th Jul Early"]
[Site "Chess.com INT"]
[Date "2022.07.26"]
[Round "8"]
[White "Shtyka, Sergey"]
[Black "Plazuelo Pascual, Juan"]
[Result "0-1"]
[WhiteElo "2154"]
[BlackElo "2448"]
[PlyCount "80"]
[EventDate "2022.07.26"]
[EventType "swiss (blitz)"]
[EventRounds "11"]
[EventCountry "USA"]
[SourceTitle "EXT 2023"]
[Source "ChessBase"]
[SourceDate "2022.10.05"]
[SourceVersion "1"]
[SourceVersionDate "2022.10.05"]
[SourceQuality "1"]

1. e4 c5 2. Nf3 e6 3. d4 cxd4 4. Nxd4 Nf6 5. Nc3 Nc6 6. Ndb5 Bb4 7. a3 Bxc3+ 8. Nxc3 d5 9. exd5 exd5 10. Bd3 0-0 11. 0-0 Bg4 12. f3 Bh5 13. Kh1 Qb6 14. Bg5 Ne4 15. Nxe4 dxe4 16. Bxe4 Qxb2 17. Rb1 Qxa3 18. Rxb7 Rac8 19. Qa1 Qxa1 20. Rxa1 Bg6 21. Bd5 h6 22. Be3 a5 23. c4 Nb4 24. Bb6 a4 25. h4 Rb8 26. Bc5 Nxd5 27. Rxb8 Rxb8 28. cxd5 Rb5 29. Be7 Bc2 30. d6 Rd5 31. Kg1 f6 32. Kf2 Kf7 33. Ke3 Rd3+ 34. Ke2 Rd4 35. g3 h5 36. Ke3 Rd3+ 37. Ke2 a3 38. Ra2 Bb1 39. f4 Rxg3 40. Ra1 a2 0-1

[Event "Titled Tuesday intern op 26th Jul Early"]
[Site "Chess.com INT"]
[Date "2022.07.26"]
[Round "4"]
[White "Shtyka, Sergey"]
[Black "Schut, Han"]
[Result "1-0"]
[WhiteElo "2154"]
[BlackElo "2101"]
[PlyCount "113"]
[EventDate "2022.07.26"]
[EventType "swiss (blitz)"]
[EventRounds "11"]
[EventCountry "USA"]
[SourceTitle "EXT 2023"]
[Source "ChessBase"]
[SourceDate "2022.10.05"]
[SourceVersion "1"]
[SourceVersionDate "2022.10.05"]
[SourceQuality "1"]

1. e4 c5 2. Nf3 d6 3. d4 cxd4 4. Nxd4 Nf6 5. Nc3 a6 6. Bc4 e6 7. 0-0 b5 8. Bd3 b4 9. Nce2 Bb7 10. Ng3 Nbd7 11. f4 Nc5 12. Qe2 Be7 13. Nb3 Qc7 14. Nxc5 Qxc5+ 15. Be3 Qc6 16. c3 bxc3 17. Rac1 0-0 18. Rxc3 Qd7 19. Rfc1 Rfc8 20. h3 Rxc3 21. Rxc3 Rc8 22. Qc2 Rxc3 23. Qxc3 h6 24. b3 d5 25. e5 Ne4 26. Nxe4 dxe4 27. Be2 g5 28. g3 gxf4 29. gxf4 Kh7 30. Bh5 Qd3 31. Qxd3 exd3 32. Bxf7 Bf3 33. Bd2 Bc5+ 34. Kh2 Bd5 35. f5 Kg7 36. Bxe6 Bxe6 37. fxe6 Kf8 38. Kg3 Ke7 39. Kf4 Kxe6 40. Ke4 Bf8 41. Bf4 Bg7 42. Kxd3 Kf5 43. Bg3 Bxe5 44. Bxe5 Kxe5 45. b4 Kf4 46. a4 Ke5 47. Kc4 Kd6 48. h4 h5 49. Kd4 Kc6 50. Ke4 Kd6 51. Kf4 Kd5 52. Kg5 Kc4 53. b5 axb5 54. axb5 Kxb5 55. Kxh5 Kc6 56. Kg6 Kd7 57. Kf7 1-0

[Event "Titled Tuesday intern op 12th Jul Early"]
[Site "Chess.com INT"]
[Date "2022.07.12"]
[Round "5"]
[White "Mgeladze, Tamaz"]
[Black "Shtyka, Sergey"]
[Result "1/2-1/2"]
[WhiteElo "2388"]
[BlackElo "2154"]
[PlyCount "192"]
[EventDate "2022.07.12"]
[EventType "swiss (blitz)"]
[EventRounds "11"]
[EventCountry "USA"]
[SourceTitle "EXT 2023"]
[Source "ChessBase"]
[SourceDate "2022.10.05"]
[SourceVersion "1"]
[SourceVersionDate "2022.10.05"]
[SourceQuality "1"]

1. c4 c5 2. Nc3 Nc6 3. g3 g6 4. Bg2 Bg7 5. Nf3 Nf6 6. 0-0 0-0 7. d3 d6 8. a3 a5 9. Rb1 Bf5 10. Bd2 Qd7 11. Ne1 Bh3 12. Nc2 Bxg2 13. Kxg2 d5 14. cxd5 Nxd5 15. Ne3 Nxe3+ 16. Bxe3 Nd4 17. a4 Rac8 18. Rc1 c4 19. Kg1 Qg4 20. Bxd4 Bxd4 21. dxc4 Rxc4 22. e3 Bxc3 23. Rxc3 Qxd1 24. Rxd1 Rxa4 25. Rd7 Rb4 26. b3 e6 27. Kg2 b5 28. Ra7 a4 29. bxa4 Rxa4 30. Rb7 Rb4 31. Rc5 h5 32. Rcxb5 Rxb5 33. Rxb5 Kg7 34. Rb7 Rd8 35. Kf3 Rd5 36. h3 Rf5+ 37. Ke2 Rd5 38. g4 hxg4 39. hxg4 Ra5 40. Kf3 Ra2 41. Kg3 Ra5 42. Kf4 g5+ 43. Kg3 Rc5 44. Ra7 Rd5 45. Kf3 Rc5 46. Rb7 Rd5 47. Rc7 Rb5 48. Rd7 Ra5 49. Ke4 Ra4+ 50. Rd4 Ra5 51. Rc4 Rd5 52. f4 gxf4 53. exf4 Ra5 54. Rb4 f5+ 55. gxf5 Rxf5 56. Rb6 Kf6 57. Rd6 Ra5 58. Rd4 Rb5 59. Rc4 Ra5 60. Rb4 Rc5 61. Ra4 Rb5 62. Rc4 Ra5 63. Rb4 Rc5 64. Kd4 Rf5 65. Ke3 Rc5 66. Rb6 Kf5 67. Rb3 e5 68. fxe5 Kxe5 69. Kd3 Rd5+ 70. Kc4 Rd4+ 71. Kc3 Rd5 72. Rb8 Rc5+ 73. Kb4 Rd5 74. Re8+ Kd4 75. Re1 Re5 76. Rd1+ Ke4 77. Kc4 Kf5 78. Rf1+ Ke6 79. Rh1 Rf5 80. Kd4 Rf4+ 81. Ke3 Rb4 82. Rh6+ Ke5 83. Rh5+ Ke6 84. Rc5 Kd6 85. Ra5 Ke6 86. Kd3 Rh4 87. Ra6+ Kd5 88. Ke2 Ke5 89. Ra5+ Kd6 90. Kf3 Rb4 91. Ra6+ Kd5 92. Ke3 Ke5 93. Ra5+ Kd6 94. Rh5 Ke6 95. Rh6+ Ke5 96. Rh5+ Ke6 1/2-1/2

[Event "Titled Tuesday intern op 12th Jul Early"]
[Site "Chess.com INT"]
[Date "2022.07.12"]
[Round "1"]
[White "Pultinevicius, Paulius"]
[Black "Shtyka, Sergey"]
[Result "1-0"]
[WhiteElo "2539"]
[BlackElo "2154"]
[PlyCount "107"]
[EventDate "2022.07.12"]
[EventType "swiss (blitz)"]
[EventRounds "11"]
[EventCountry "USA"]
[SourceTitle "EXT 2023"]
[Source "ChessBase"]
[SourceDate "2022.10.05"]
[SourceVersion "1"]
[SourceVersionDate "2022.10.05"]
[SourceQuality "1"]

1. e4 c5 2. Nf3 d6 3. c3 Nf6 4. Bc4 e6 5. d3 Be7 6. 0-0 0-0 7. Re1 Nc6 8. a3 a6 9. Bf4 b5 10. Ba2 Bb7 11. Nbd2 Qd7 12. b4 Rad8 13. Nb3 Qc8 14. Qe2 Qa8 15. Rad1 Rfe8 16. h3 a5 17. bxc5 dxc5 18. a4 b4 19. Rc1 bxc3 20. Rxc3 Nb4 21. Bb1 Ba6 22. Ne5 Nd7 23. Nc4 Bxc4 24. dxc4 e5 25. Bd2 Nb6 26. Qg4 Nxa4 27. Rg3 Bf8 28. Bg5 Rd6 29. h4 h6 30. Be3 Rg6 31. Qh5 Rxg3 32. fxg3 Qa6 33. Rf1 g6 34. Qe2 Nc3 35. Qf3 Qxc4 36. Nxa5 Qe6 37. h5 Nxb1 38. Rxb1 Ra8 39. Nb3 c4 40. Nc5 Bxc5 41. Bxc5 Nd3 42. Be3 Kg7 43. Rb7 Re8 44. Rb6 Qe7 45. Qg4 g5 46. Qf5 c3 47. Rc6 Rd8 48. Kh2 Qd7 49. Qf6+ Kg8 50. Qxh6 Qe7 51. Bxg5 Qf8 52. Bxd8 Qxh6 53. Rxh6 c2 54. Bf6 1-0

[Event "Titled Tuesday intern op 12th Jul Early"]
[Site "Chess.com INT"]
[Date "2022.07.12"]
[Round "9"]
[White "Shtyka, Sergey"]
[Black "Pajeken, Jakob Leon"]
[Result "1-0"]
[WhiteElo "2154"]
[BlackElo "2434"]
[PlyCount "63"]
[EventDate "2022.07.12"]
[EventType "swiss (blitz)"]
[EventRounds "11"]
[EventCountry "USA"]
[SourceTitle "EXT 2023"]
[Source "ChessBase"]
[SourceDate "2022.10.05"]
[SourceVersion "1"]
[SourceVersionDate "2022.10.05"]
[SourceQuality "1"]

1. e4 e5 2. Nf3 Nc6 3. Nc3 Nf6 4. Bb5 Bd6 5. 0-0 0-0 6. d3 a6 7. Bxc6 dxc6 8. h3 h6 9. Be3 Re8 10. Ne2 Be6 11. g4 Nh7 12. Ng3 g5 13. Ne1 Nf8 14. Nf5 Bxf5 15. gxf5 Nd7 16. h4 Bc5 17. Qh5 Bxe3 18. fxe3 Kg7 19. hxg5 Qxg5+ 20. Qxg5+ hxg5 21. Nf3 f6 22. Kg2 Rh8 23. Rh1 Rxh1 24. Rxh1 Rh8 25. Rxh8 Kxh8 26. d4 exd4 27. exd4 c5 28. c3 cxd4 29. cxd4 c5 30. e5 g4 31. e6 gxf3+ 32. Kxf3 1-0

[Event "Titled Tuesday intern op 12th Jul Early"]
[Site "Chess.com INT"]
[Date "2022.07.12"]
[Round "10"]
[White "Shtyka, Sergey"]
[Black "Sadubayev, Airat"]
[Result "1-0"]
[WhiteElo "2154"]
[BlackElo "2305"]
[PlyCount "301"]
[EventDate "2022.07.12"]
[EventType "swiss (blitz)"]
[EventRounds "11"]
[EventCountry "USA"]
[SourceTitle "EXT 2023"]
[Source "ChessBase"]
[SourceDate "2022.10.05"]
[SourceVersion "1"]
[SourceVersionDate "2022.10.05"]
[SourceQuality "1"]

1. e4 d6 2. d4 Nf6 3. Nc3 e5 4. dxe5 dxe5 5. Qxd8+ Kxd8 6. Bc4 Be6 7. Bxe6 fxe6 8. f3 Bc5 9. Nh3 Nbd7 10. Ke2 Ke7 11. Be3 Rad8 12. Nf2 Bd4 13. Ncd1 Nc5 14. c3 Bxe3 15. Nxe3 Na4 16. Rab1 Nd7 17. Nd3 b5 18. Ng4 c5 19. Ndxe5 Nxe5 20. Nxe5 Rd6 21. Rhd1 Rhd8 22. Rxd6 Rxd6 23. Ng4 c4 24. Ne3 Rd3 25. Nd1 a6 26. Ke1 g5 27. Nf2 Rd8 28. Nd1 h5 29. b3 Nc5 30. Nf2 g4 31. bxc4 bxc4 32. fxg4 hxg4 33. Nxg4 Nxe4 34. Rb7+ Kd6 35. Ne3 Nxc3 36. Nxc4+ Kc5 37. Rc7+ Kb4 38. a3+ Kb3 39. Nd2+ Kb2 40. Rc6 a5 41. Nc4+ Kb3 42. Nxa5+ Kc2 43. Rxe6 Kd3 44. Kf2 Ra8 45. Nc6 Rxa3 46. Re3+ Kc4 47. Ne5+ Kd4 48. Nf3+ Kc4 49. Nd2+ Kd4 50. Nf3+ Kc4 51. Nd2+ Kd4 52. Kf3 Ra8 53. Nb3+ Kc4 54. Nd2+ Kd4 55. Re7 Nd5 56. Rd7 Rf8+ 57. Kg3 Ke5 58. Nf3+ Ke6 59. Ra7 Ne3 60. Kf2 Ng4+ 61. Kg3 Ne3 62. Ra6+ Kd5 63. Kf2 Ng4+ 64. Kg1 Ne3 65. Ra5+ Ke4 66. Ra3 Rd8 67. Ra1 Rc8 68. Ng5+ Kf4 69. Nh3+ Ke4 70. Nf2+ Kf5 71. Ra5+ Ke6 72. Ra1 Kf5 73. Re1 Nd5 74. g3 Nf6 75. Kg2 Rc2 76. Kg1 Nd5 77. Nd1 Kg6 78. Ne3 Nxe3 79. Rxe3 Kf5 80. Rf3+ Kg4 81. Rf2 Rc3 82. Kg2 Rc1 83. Rf4+ Kg5 84. Ra4 Rc5 85. Kh3 Rd5 86. Rg4+ Kh5 87. Rh4+ Kg5 88. Rg4+ Kh5 89. Rf4 Re5 90. Rf2 Kg5 91. Kg2 Rd5 92. h3 Rc5 93. Re2 Rd5 94. Re3 Rc5 95. Kf3 Rf5+ 96. Ke4 Rc5 97. Rd3 Rc4+ 98. Kf3 Rc5 99. Rb3 Rf5+ 100. Kg2 Rc5 101. h4+ Kg4 102. Rb4+ Kh5 103. Kh3 Rd5 104. Rf4 Rd3 105. Rf5+ Kg6 106. Rc5 Rb3 107. Re5 Rc3 108. Kg4 Rc4+ 109. Kf3 Rc3+ 110. Kf4 Rc4+ 111. Re4 Rc1 112. g4 Rf1+ 113. Kg3 Rg1+ 114. Kh2 Rf1 115. Kg2 Rb1 116. Re6+ Kf7 117. Rd6 Rb3 118. Kf2 Ra3 119. Rc6 Rh3 120. h5 Kg7 121. Rg6+ Kh7 122. Kg2 Rb3 123. Rf6 Ra3 124. Rf3 Ra1 125. Kg3 Kh6 126. Rf6+ Kh7 127. Kh4 Ra4 128. Kg5 Kg7 129. Rf5 Ra6 130. Rd5 Ra7 131. Re5 Rb7 132. Kf5 Rf7+ 133. Ke6 Rb7 134. g5 Rb2 135. Re4 Rf2 136. Kd5 Rg2 137. Re7+ Kf8 138. Re5 Kf7 139. Ke4 Rh2 140. g6+ Kf6 141. Rf5+ Kg7 142. Kf4 Rf2+ 143. Kg5 Rg2+ 144. Kf4 Rh2 145. Kg3 Rh1 146. Rf7+ Kg8 147. Kg4 Re1 148. Kg5 Re8 149. Kh6 Rf8 150. Rxf8+ Kxf8 151. Kh7 1-0

[Event "Titled Tuesday intern op 07th Jun Early"]
[Site "Chess.com INT"]
[Date "2022.06.07"]
[Round "9"]
[White "Namitbir, Singh Walia"]
[Black "Shtyka, Sergey"]
[Result "1-0"]
[WhiteElo "2293"]
[BlackElo "2154"]
[PlyCount "53"]
[EventDate "2022.06.07"]
[EventType "swiss (blitz)"]
[EventRounds "11"]
[EventCountry "USA"]
[SourceTitle "CBM 208 Extra"]
[Source "ChessBase"]
[SourceDate "2022.07.31"]
[SourceVersion "1"]
[SourceVersionDate "2022.07.31"]
[SourceQuality "1"]

1. d4 c6 2. c4 g6 3. Nf3 Bg7 4. g3 Nf6 5. Bg2 0-0 6. Nc3 d6 7. 0-0 Qc7 8. h3 Nbd7 9. Qc2 a5 10. e4 b5 11. b3 b4 12. Ne2 Bb7 13. Rd1 c5 14. Ne1 cxd4 15. Nxd4 Nc5 16. Nb5 Qb6 17. Be3 Bc6 18. Rac1 a4 19. Nd3 axb3 20. axb3 Bxb5 21. cxb5 Qxb5 22. Nxc5 dxc5 23. e5 Nd7 24. Bxa8 Rxa8 25. f4 Qb7 26. Qg2 Qb5 27. Qxa8+ 1-0

[Event "Titled Tuesday intern op 07th Jun Early"]
[Site "Chess.com INT"]
[Date "2022.06.07"]
[Round "3"]
[White "Qiao, Cindy"]
[Black "Shtyka, Sergey"]
[Result "0-1"]
[WhiteElo "1736"]
[BlackElo "2154"]
[PlyCount "80"]
[EventDate "2022.06.07"]
[EventType "swiss (blitz)"]
[EventRounds "11"]
[EventCountry "USA"]
[SourceTitle "CBM 208 Extra"]
[Source "ChessBase"]
[SourceDate "2022.07.31"]
[SourceVersion "1"]
[SourceVersionDate "2022.07.31"]
[SourceQuality "1"]

1. d4 c5 2. e3 b6 3. Nf3 Bb7 4. Nbd2 Nf6 5. Bd3 g6 6. c3 Bg7 7. 0-0 0-0 8. Re1 d6 9. b3 Nbd7 10. Bb2 Rc8 11. e4 e5 12. Rc1 Qe7 13. Qe2 Rfe8 14. d5 Nh5 15. g3 Rf8 16. Nh4 Bf6 17. Ng2 Bg5 18. Rf1 Ng7 19. f4 exf4 20. gxf4 Bf6 21. Rce1 Rfe8 22. Nc4 Ba6 23. Nd2 Bxd3 24. Qxd3 Nh5 25. a4 Bg7 26. Nf3 c4 27. bxc4 Nc5 28. Qc2 Nxe4 29. Nd4 Bxd4+ 30. cxd4 f5 31. Qd3 Qd7 32. Ra1 Nhf6 33. Rfd1 Ng4 34. h3 Ngf2 35. Qc2 Nxd1 36. Rxd1 Nf6 37. Qc3 Qxa4 38. Rf1 Re2 39. Rf2 Rxf2 40. Kxf2 Ne4+ 0-1

[Event "Titled Tuesday intern op 07th Jun Early"]
[Site "Chess.com INT"]
[Date "2022.06.07"]
[Round "5"]
[White "Shton, Roman"]
[Black "Shtyka, Sergey"]
[Result "1-0"]
[WhiteElo "2074"]
[BlackElo "2154"]
[PlyCount "75"]
[EventDate "2022.06.07"]
[EventType "swiss (blitz)"]
[EventRounds "11"]
[EventCountry "USA"]
[SourceTitle "CBM 208 Extra"]
[Source "ChessBase"]
[SourceDate "2022.07.31"]
[SourceVersion "1"]
[SourceVersionDate "2022.07.31"]
[SourceQuality "1"]

1. d4 c5 2. d5 e5 3. Nc3 d6 4. e4 Be7 5. Bc4 Bg5 6. Nf3 Bxc1 7. Qxc1 Nf6 8. 0-0 0-0 9. Re1 a6 10. a4 Nbd7 11. Nh4 Nxd5 12. Nf5 Nxc3 13. bxc3 Nb6 14. Bf1 Bxf5 15. exf5 Qf6 16. Rd1 Rfd8 17. a5 Nc8 18. Rb1 Rd7 19. g4 Ne7 20. Bg2 d5 21. Rb6 Qh4 22. h3 Nc8 23. Rb1 Qd8 24. c4 Ne7 25. Rb6 Rb8 26. Qe3 dxc4 27. Rxd7 Qxd7 28. Qxe5 Rd8 29. Rxb7 Qd1+ 30. Kh2 Nc8 31. Qc7 Qd6+ 32. Qxd6 Nxd6 33. Rb6 c3 34. Rxa6 Nb5 35. Rc6 Kf8 36. Rxc5 Rb8 37. a6 Nd4 38. a7 1-0

[Event "Titled Tuesday intern op 07th Jun Early"]
[Site "Chess.com INT"]
[Date "2022.06.07"]
[Round "7"]
[White "Shtyka, Sergey"]
[Black "Zahedifar, Anahita"]
[Result "1-0"]
[WhiteElo "2154"]
[BlackElo "2160"]
[PlyCount "101"]
[EventDate "2022.06.07"]
[EventType "swiss (blitz)"]
[EventRounds "11"]
[EventCountry "USA"]
[SourceTitle "CBM 208 Extra"]
[Source "ChessBase"]
[SourceDate "2022.07.31"]
[SourceVersion "1"]
[SourceVersionDate "2022.07.31"]
[SourceQuality "1"]

1. e4 c6 2. Nf3 d5 3. Nc3 Bg4 4. h3 Bh5 5. g4 Bg6 6. exd5 cxd5 7. Bb5+ Nc6 8. Ne5 Rc8 9. d4 e6 10. h4 f6 11. Nxg6 hxg6 12. Qd3 Kf7 13. h5 gxh5 14. gxh5 Nge7 15. Bd2 Nf5 16. Bxc6 Rxc6 17. 0-0-0 Qb6 18. Ne2 Rc4 19. c3 Qa6 20. Kb1 Ra4 21. Qxa6 Rxa6 22. Ng3 Nxg3 23. fxg3 Bd6 24. g4 Rc6 25. Kc2 b5 26. Kd3 b4 27. Rc1 bxc3 28. Rxc3 Rxc3+ 29. Bxc3 Bf4 30. b4 Rc8 31. a4 e5 32. dxe5 fxe5 33. Rf1 Ke6 34. Rxf4 exf4 35. Bxg7 Kf7 36. Bd4 Rg8 37. h6 Kg6 38. g5 a6 39. b5 axb5 40. axb5 Re8 41. b6 Re7 42. Bf6 Rb7 43. Bd8 Rb8 44. Bc7 Rb7 45. Kd4 Kh7 46. Kd3 Kg6 47. Ke2 d4 48. Kd3 f3 49. Kd2 Kh7 50. Kd3 Kg6 51. Kd2 1-0

[Event "Titled Tuesday intern op 24th May Early"]
[Site "Chess.com INT"]
[Date "2022.05.24"]
[Round "11"]
[White "Shtyka, Sergey"]
[Black "Pourkashiyan, Atousa"]
[Result "1-0"]
[WhiteElo "2154"]
[BlackElo "2322"]
[PlyCount "113"]
[EventDate "2022.05.24"]
[EventType "swiss (blitz)"]
[EventRounds "11"]
[EventCountry "USA"]
[SourceTitle "EXT 2023"]
[Source "ChessBase"]
[SourceDate "2022.10.05"]
[SourceVersion "1"]
[SourceVersionDate "2022.10.05"]
[SourceQuality "1"]

1. e4 e5 2. Nf3 Nf6 3. Nc3 Nc6 4. Bb5 Bb4 5. 0-0 0-0 6. d3 d6 7. Bxc6 bxc6 8. Bg5 h6 9. Bh4 Bxc3 10. bxc3 Bg4 11. h3 Bh5 12. g4 Bg6 13. Rb1 Rb8 14. Rb3 Qe7 15. Qd2 Qe6 16. Bxf6 Qxf6 17. Kg2 d5 18. Qe3 dxe4 19. dxe4 Rfd8 20. Rfb1 Rxb3 21. axb3 c5 22. Ra1 Qc6 23. Ra4 f6 24. Nh4 Bh7 25. f3 Rd1 26. Rxa7 Qd6 27. Kg3 Rd2 28. Rxc7 Qxc7 29. Qxd2 Kh8 30. c4 Bg8 31. Nf5 Be6 32. Qd6 Qc8 33. Ne7 Qd7 34. Qxd7 Bxd7 35. Nd5 Kg8 36. Nb6 Bc6 37. Na4 Kf7 38. Nxc5 Ke7 39. Nd3 Kd6 40. Kf2 Bb7 41. Ke3 g6 42. h4 Bc8 43. b4 f5 44. gxf5 gxf5 45. exf5 Bxf5 46. c3 Bg6 47. Nf2 Bf7 48. Ne4+ Kc6 49. c5 Bg6 50. Nf2 Kd5 51. Ng4 h5 52. Nf6+ Kc4 53. c6 Kxc3 54. b5 Kc4 55. b6 Kc5 56. b7 Kxc6 57. b8Q 1-0

[Event "Titled Tuesday intern op 24th May Early"]
[Site "Chess.com INT"]
[Date "2022.05.24"]
[Round "8"]
[White "Shtyka, Sergey"]
[Black "Skuhala, Barbara"]
[Result "1/2-1/2"]
[WhiteElo "2154"]
[BlackElo "2063"]
[PlyCount "132"]
[EventDate "2022.05.24"]
[EventType "swiss (blitz)"]
[EventRounds "11"]
[EventCountry "USA"]
[SourceTitle "EXT 2023"]
[Source "ChessBase"]
[SourceDate "2022.10.05"]
[SourceVersion "1"]
[SourceVersionDate "2022.10.05"]
[SourceQuality "1"]

1. e4 c5 2. Nf3 d6 3. d4 cxd4 4. Nxd4 Nf6 5. Nc3 a6 6. Bc4 e6 7. 0-0 Be7 8. Be3 0-0 9. f4 Qc7 10. Bd3 Nc6 11. Qf3 Nxd4 12. Bxd4 b5 13. a3 Bb7 14. Rae1 Rac8 15. Qh3 e5 16. Be3 Rfd8 17. Kh1 Qd7 18. Qf3 Qg4 19. Qxg4 Nxg4 20. Bb6 Re8 21. h3 Nf6 22. f5 Bf8 23. Kg1 d5 24. exd5 Nxd5 25. Nxd5 Bxd5 26. c3 f6 27. Be4 Bxe4 28. Rxe4 Bc5+ 29. Bxc5 Rxc5 30. Rd1 Re7 31. Kf2 Kf7 32. g4 g6 33. Ke3 Rb7 34. Rd6 a5 35. Ra6 a4 36. Rd6 Kg7 37. Rb4 Kh6 38. Rxf6 Kg5 39. Rf8 Rd7 40. fxg6 hxg6 41. Rb8 Rdd5 42. Ke4 Kh4 43. Rh8+ Kg3 44. Rg8 Rd6 45. Rb8 Rdd5 46. Rh8 Rd1 47. Rg8 Rd6 48. Rh8 Rd1 49. Rh6 Rd6 50. g5 Re6 51. h4 Kg4 52. h5 Kxg5 53. Rxg6+ Rxg6 54. hxg6 Kxg6 55. c4 bxc4 56. Rxa4 Kf6 57. Ra6+ Ke7 58. Rb6 Kd7 59. a4 Kc7 60. Re6 c3 61. bxc3 Rxc3 62. Rxe5 Kb6 63. Kf5 Rc5 64. Rxc5 Kxc5 65. Ke4 Kb4 66. Ke5 Kxa4 1/2-1/2

[Event "Titled Tuesday intern op 24th May Early"]
[Site "Chess.com INT"]
[Date "2022.05.24"]
[Round "6"]
[White "Shtyka, Sergey"]
[Black "Tarigan, Gilbert Elroy"]
[Result "0-1"]
[WhiteElo "2154"]
[BlackElo "2384"]
[PlyCount "98"]
[EventDate "2022.05.24"]
[EventType "swiss (blitz)"]
[EventRounds "11"]
[EventCountry "USA"]
[SourceTitle "EXT 2023"]
[Source "ChessBase"]
[SourceDate "2022.10.05"]
[SourceVersion "1"]
[SourceVersionDate "2022.10.05"]
[SourceQuality "1"]

1. e4 e6 2. Nf3 d5 3. e5 b6 4. d4 Ba6 5. Bxa6 Nxa6 6. c4 Nb4 7. a3 Nc6 8. Qa4 Nge7 9. cxd5 Qxd5 10. Nc3 Qd7 11. Bg5 h6 12. Bh4 Nf5 13. 0-0-0 Nce7 14. Qxd7+ Kxd7 15. Bxe7 Nxe7 16. d5 exd5 17. Nxd5 Nxd5 18. Rxd5+ Ke6 19. Rhd1 Bc5 20. R5d2 a5 21. Nd4+ Kxe5 22. Nc6+ Kf6 23. Rd7 Bd6 24. Nd4 Rad8 25. Rxd8 Rxd8 26. g3 Be5 27. Nb5 Bxb2+ 28. Kc2 Rxd1 29. Kxd1 c6 30. Na7 Bxa3 31. Nxc6 Bc5 32. f4 Ke6 33. Kc2 f6 34. Kb3 Kd7 35. Na7 h5 36. Nb5 Kc6 37. Nc3 Bg1 38. h3 b5 39. g4 hxg4 40. hxg4 a4+ 41. Kb4 Bc5+ 42. Ka5 a3 43. Na2 g6 44. f5 g5 45. Ka6 b4 46. Ka5 b3 47. Nc3 a2 48. Na4 a1Q 49. Ka6 Qxa4# 0-1

[Event "Titled Tuesday intern op 17th May Early"]
[Site "Chess.com INT"]
[Date "2022.05.17"]
[Round "2"]
[White "Hambleton, Aman"]
[Black "Shtyka, Sergey"]
[Result "0-1"]
[WhiteElo "2454"]
[BlackElo "2154"]
[PlyCount "66"]
[EventDate "2022.05.17"]
[EventType "swiss (blitz)"]
[EventRounds "11"]
[EventCountry "USA"]
[SourceTitle "CBM 208 Extra"]
[Source "ChessBase"]
[SourceDate "2022.07.31"]
[SourceVersion "1"]
[SourceVersionDate "2022.07.31"]
[SourceQuality "1"]

1. d4 c5 2. d5 e5 3. c4 d6 4. Nc3 Be7 5. g3 Nf6 6. e4 0-0 7. Bg2 Nbd7 8. Nf3 a6 9. a4 b6 10. 0-0 Ne8 11. Ne1 Nc7 12. Nd3 Rb8 13. f4 exf4 14. gxf4 Bf6 15. Be3 b5 16. axb5 axb5 17. e5 dxe5 18. fxe5 Nxe5 19. Nxe5 Bxe5 20. Bxc5 bxc4 21. Bxf8 Qxf8 22. Qe2 Qd6 23. h3 f6 24. Kh1 Qb4 25. Ra4 Qxb2 26. Qxb2 Rxb2 27. Rxc4 Ba6 28. Rxc7 Bxc7 29. Rd1 Be5 30. Ne4 Be2 31. Re1 Bd3 32. Nc5 Rb1 33. Rxb1 Bxb1 0-1

[Event "Titled Tuesday intern op 17th May Early"]
[Site "Chess.com INT"]
[Date "2022.05.17"]
[Round "5"]
[White "Papp, Levente"]
[Black "Shtyka, Sergey"]
[Result "1/2-1/2"]
[WhiteElo "2401"]
[BlackElo "2154"]
[PlyCount "105"]
[EventDate "2022.05.17"]
[EventType "swiss (blitz)"]
[EventRounds "11"]
[EventCountry "USA"]
[SourceTitle "CBM 208 Extra"]
[Source "ChessBase"]
[SourceDate "2022.07.31"]
[SourceVersion "1"]
[SourceVersionDate "2022.07.31"]
[SourceQuality "1"]

1. Nf3 c5 2. g3 Nc6 3. Bg2 g6 4. 0-0 Bg7 5. c4 e5 6. Nc3 Nge7 7. Rb1 0-0 8. Ne1 d6 9. d3 Be6 10. Nd5 Rb8 11. a4 Qd7 12. Nc2 Bh3 13. b4 Bxg2 14. Kxg2 Nxd5 15. cxd5 Nxb4 16. Nxb4 cxb4 17. Rxb4 b5 18. axb5 Rxb5 19. Qa4 Rfb8 20. Be3 Qb7 21. Rxb5 Qxb5 22. Qxb5 Rxb5 23. Rc1 Bf8 24. Bxa7 Rxd5 25. g4 Ra5 26. Be3 Kg7 27. Rc7 d5 28. h4 d4 29. Bc1 Rc5 30. Rxc5 Bxc5 31. g5 f5 32. gxf6+ Kxf6 33. Kf3 Kf5 34. Bg5 Bb6 35. e3 dxe3 36. fxe3 Bc5 37. Bd8 Ba7 38. Be7 Bb6 39. Bb4 Bd8 40. Be1 Be7 41. Bg3 Bd8 42. d4 exd4 43. exd4 h6 44. d5 h5 45. d6 g5 46. hxg5 Bxg5 47. Be1 Ke6 48. Bb4 Bh4 49. Bc5 Bf6 50. Kf4 Be5+ 51. Kg5 Bxd6 52. Bxd6 Kxd6 53. Kxh5 1/2-1/2